| 000 -LEADER |
| fixed length control field |
01181nam a2200229Ia 4500 |
| 001 - CONTROL NUMBER |
| control field |
20282 |
| 003 - CONTROL NUMBER IDENTIFIER |
| control field |
GE_BSU |
| 008 - FIXED-LENGTH DATA ELEMENTS--GENERAL INFORMATION |
| fixed length control field |
181216s||||||||xx |||||||||||||| ||und|| |
| 040 ## - CATALOGING SOURCE |
| Transcribing agency |
GE_BSU |
| 080 ## - UNIVERSAL DECIMAL CLASSIFICATION NUMBER |
| Universal Decimal Classification number |
81-11 + 81'1 |
| 100 ## - MAIN ENTRY--PERSONAL NAME |
| Personal name |
მარი, ნიკო (1864-1934) |
| 245 ## - TITLE STATEMENT |
| Title |
ისტორიული პროცესის საკითხისათვის იაფეტური თეორიის გაშუქებით |
| 245 ## - TITLE STATEMENT |
| Remainder of title |
მოხსენება ისტორიკოს-მარქსისტთა პირველ საკავშირო კონფერენციაზე-28/XII-1928-4/I-1929 და მის გამო წარმოებული კამათი |
| 245 ## - TITLE STATEMENT |
| Statement of responsibility, etc. |
თარგმ. დ. კარბელაშვილისა |
| 260 ## - PUBLICATION, DISTRIBUTION, ETC. |
| Place of publication, distribution, etc. |
ტფილისი |
| 260 ## - PUBLICATION, DISTRIBUTION, ETC. |
| Date of publication, distribution, etc. |
1934 |
| 300 ## - PHYSICAL DESCRIPTION |
| Extent |
81 გვ. ; 18 სმ. |
| 653 ## - INDEX TERM--UNCONTROLLED |
| Uncontrolled term |
ისტორიული პროცესის საკითხისათვის იაფეტური თეორიის გაშუქებით |
| 653 ## - INDEX TERM--UNCONTROLLED |
| Uncontrolled term |
ქართული ენა |
| 942 ## - ADDED ENTRY ELEMENTS (KOHA) |
| Koha item type |
წიგნი |